Catálogo
 En Linea

La fortaleza de San Felipe, Puerto Plata : (Registro nro. 56581)

Detalles MARC
000 -CABECERA
campo de control de longitud fija 00995nam a2200277 i 4500
003 - IDENTIFICADOR DEL NÚMERO DE CONTROL
campo de control DO-SdBNP
005 - FECHA Y HORA DE LA ÚLTIMA TRANSACCIÓN
campo de control 20240502104834.0
007 - CAMPO FIJO DE DESCRIPCIÓN FÍSICA--INFORMACIÓN GENERAL
campo de control de longitud fija ta
008 - DATOS DE LONGITUD FIJA--INFORMACIÓN GENERAL
campo de control de longitud fija 240502b1969 dr a|||| |||| 00| 0 spa d
040 ## - FUENTE DE LA CATALOGACIÓN
Centro catalogador/agencia de origen DO-SdBNP
Lengua de catalogación spa
Centro/agencia transcriptor BNPHU
Normas de descripción rda
082 #4 - NÚMERO DE LA CLASIFICACIÓN DECIMAL DEWEY
Número de clasificación 623.197293
Número de documento/Ítem M296f
Número de edición 22
100 1# - ENTRADA PRINCIPAL--NOMBRE DE PERSONA
Nombre de persona Mañón Arredondo, Manuel de Js.
9 (RLIN) 36401
Término indicativo de función/relación autor
245 13 - MENCIÓN DE TÍTULO
Título La fortaleza de San Felipe, Puerto Plata :
Resto del título ensayo histórico /
Mención de responsabilidad, etc. Manuel Js. Mañón Arredondo.
250 ## - MENCIÓN DE EDICIÓN
Mención de edición segunda edición
264 ## - PRODUCCIÓN, PUBLICACIÓN, DISTRIBUCIÓN, FABRICACIÓN Y COPYRIGHT
Producción, publicación, distribución, fabricación y copyright Santo Domingo :
Nombre del de productor, editor, distribuidor, fabricante Universidad Autónoma de Santo Domingo,
Fecha de producción, publicación, distribución, fabricación o copyright 1969.
300 ## - DESCRIPCIÓN FÍSICA
Extensión 75 páginas :
Otras características físicas ilustraciones;
Dimensiones 22 cm.
336 ## - TIPO DE CONTENIDO
Fuente rdacontent
Término de tipo de contenido texto
Código de tipo de contenido txt
337 ## - TIPO DE MEDIO
Fuente rdamedia
Nombre/término del tipo de medio sin mediación
Código del tipo de medio n
338 ## - TIPO DE SOPORTE
Fuente rdacarrier
Nombre/término del tipo de soporte volumen
Código del tipo de soporte nc
504 ## - NOTA DE BIBLIOGRAFÍA, ETC.
Nota de bibliografía, etc. Bibliografía : p. 74-75
590 ## - NOTA LOCAL (RLIN)
Nota local Inventariado, 2024/BT
650 #4 - PUNTO DE ACCESO ADICIONAL DE MATERIA--TÉRMINO DE MATERIA
Término de materia o nombre geográfico como elemento de entrada Fortificaciones costera
Subdivisión geográfica República Dominicana
9 (RLIN) 36403
651 #4 - PUNTO DE ACCESO ADICIONAL DE MATERIA--NOMBRE GEOGRÁFICO
Nombre geográfico Puerto Plata
Subdivisión geográfica (República Dominicana)
Subdivisión general Historia local
9 (RLIN) 36402
910 ## - DATOS DE OPCIÓN DEL USUARIO (OCLC)
Datos de opción del usuario Btavárez
942 ## - ELEMENTOS DE PUNTO DE ACCESO ADICIONAL (KOHA)
Fuente del sistema de clasificación o colocación Dewey Decimal Classification
Tipo de ítem Koha Libro
Existencias
Estado de retiro Estado de pérdida Fuente del sistema de clasificación o colocación Restricciones de uso No para préstamo Código de colección Localización permanente Ubicación/localización actual Ubicación en estantería Fecha de adquisición Fuente de adquisición Total de préstamos Signatura topográfica completa Código de barras Fecha visto por última vez Precio válido a partir de Tipo de ítem Koha Nota pública
    Dewey Decimal Classification Excluido de préstamo   Patrimonio Dominicano Biblioteca Nacional Pedro Henríquez Ureña Biblioteca Nacional Pedro Henríquez Ureña En catalogación 02.05.2024 Donación   623.197293 M296f 2024-2705 02.05.2024 02.05.2024 Libro Perteneció a la biblioteca personal de Emilio Cordero Michel.

Con tecnología Koha